Idiom chain - Statistics

General Stats
  • This quiz has been taken 807 times
  • The average score is 12 of 15
Answer Stats
Hint Answer % Correct
Love at _______ sight first
99%
Head over _______ in love heels
97%
Money doesn't grow on _________ trees
95%
Sight for ______ eyes sore
93%
Hit the ______ on the head nail
90%
Short _____ of the stick end
86%
Show ____ the money me
86%
Public _________ number one enemy
85%
One for the __________, two for the show money
72%
Air ________ linen in public dirty
62%
Stick one's ______ up in the air nose
61%
Pass the ______ of day time
61%
Head them _____at the pass off
60%
Day late and a ________ short dollar
54%
Eyes __________ out of his head popped
48%
No matching quizzes found
Score Distribution
Percent of People with Each Score
Percentile by Number Answered
Your Score History
You have not taken this quiz